| 000 | 00516nam a2200157Ia 4500 | ||
|---|---|---|---|
| 008 | 150223s9999 xx 000 0 und d | ||
| 020 | _a71267379 | ||
| 050 |
_aR 690 _b.D67 2005 |
||
| 100 | _aD'Orazio, Leo Paul. | ||
| 245 |
_aOpportunities: _bin healthy and medical careers / _cLeo Paul D'Orazio |
||
| 260 |
_aNew york: _bMcGraw- Hill Companies, Inc. _c2005 |
||
| 300 |
_a153 pages : _bIllustration; _c20 cm. |
||
| 650 | _aNursing. | ||
| 650 | _aphysicias/ doctors and assistants | ||
| 650 | _aThe medical care sytem. | ||
| 999 |
_c283273 _d283273 |
||